Cómo son los virus.

Guardado en:
Formato: Deslizar
Materias:
Etiquetas: Agregar Etiqueta
Sin Etiquetas, Sea el primero en etiquetar este registro!
LEADER 00866ngm a22002295g 4500
001 CEM.cems022883
008 130507b2008##################0###0#####d
005 20241125191501.0
245 0 0 |a Cómo son los virus. 
300 |a 26'. 
500 |a En soporte VHS, consultar en ventanilla. 
505 0 |a Los virus: estructura y tipos de virus. Capacidad de reproducción. Anticuerpos y vacunas. Formas de combatir los virus. Virus en las plantas. El ciclo de reproducción de los virus. Ingeniería genética. 
538 |a Soporte: VHS - Norma: Pal N - Color: Si - Grabación DRD 2008 - Hitachi=2475 
082 6 1 |/ ENC 
653 |a ANATOMIA 
653 |a FISIOLOGIA 
653 |a VIRUS 
653 |a ANTICUERPOS 
653 |a VACUNAS 
653 |a NIVEL PRIMARIO 
653 |a NIVEL SECUNDARIO 
859 |a CEMS  |b BIB. CEMS - Depto. Recursos Didacticos  |h 611  |i ENC  |k DRD  |p 1526.12  |t Ej.1